| 000 | 00723nam a2200217Ia 4500 | ||
|---|---|---|---|
| 003 | GCL | ||
| 008 | 140319s9999 xx 000 0 ara d | ||
| 040 |
_aGCL / _cGCL |
||
| 082 | 0 | 4 |
_a332.1 _bع ب |
| 100 | 1 | _aعبدالمطلب عبدالحميد | |
| 245 | 1 | 0 |
_aالبنوك الشاملة : _bعملياتها واداراتها / _cعبدالمطلب عبدالحميد |
| 260 |
_aالقاهرة : _bالدار الجامعية |
||
| 300 |
_a396 ص ؛ _c24 سم |
||
| 650 | 0 | 4 | _aالاوراق التجارية |
| 650 | 0 | 4 | _aالتسويق |
| 650 | 0 | 4 | _aالبنوك |
| 650 | 0 | 4 | _aالقروض الاجنبية |
| 650 | 0 | 4 | _aالودائع |
| 650 | 0 | 4 | _aالبنوك - تنظيم و ادارة |
| 942 |
_2ddc _cBK |
||
| 999 |
_c8320 _d8320 |
||